| 000 | 00440nam a22001817a 4500 | ||
|---|---|---|---|
| 003 | MPLRDC | ||
| 005 | 20220104114056.0 | ||
| 008 | 210129b ||||| |||| 00| 0 eng d | ||
| 020 | _a7-80534-282-2 | ||
| 082 | _a841 SY | ||
| 100 | _a张端彬 | ||
| 245 |
_a楚国大诗人宋玉 _c |
||
| 250 | _a一版一刷 | ||
| 260 |
_a _b海峡文艺出版社 _c1990 |
||
| 300 | _b平 | ||
| 650 | _a中国文学别集--宋玉 | ||
| 942 |
_cBK _o841 SY |
||
| 999 |
_c4614 _d4604 |
||